00357nam a2200133Ia 45000030006000000080041000060400015000471000018000622450044000802600064001243000006001885460012001940050017002060STCL150530s9999 xx 000 0 und d aSTCLcSTCL aGamble, J.S.. aFlora of the Presidency of Madras Vol I bBishen Singh Mahendra Lal Singh; Dehra Dunc2011aDehra Dun a0 aEnglish20220125170350.0